<?xml version="1.0" encoding="UTF-8"?>
<record
    xmlns:xsi="http://www.w3.org/2001/XMLSchema-instance"
    xsi:schemaLocation="http://www.loc.gov/MARC21/slim http://www.loc.gov/standards/marcxml/schema/MARC21slim.xsd"
    xmlns="http://www.loc.gov/MARC21/slim">

  <leader>01093nam a2200289 a 4500</leader>
  <controlfield tag="001">BRL_1315</controlfield>
  <controlfield tag="005">20190320211137.0</controlfield>
  <controlfield tag="008">060114s2008----mx-a######---#000-0#spa-#</controlfield>
  <datafield tag="020" ind1=" " ind2=" ">
    <subfield code="a">9689294008</subfield>
  </datafield>
  <datafield tag="020" ind1=" " ind2=" ">
    <subfield code="a">9789689294009</subfield>
  </datafield>
  <datafield tag="041" ind1=" " ind2=" ">
    <subfield code="a">spa</subfield>
  </datafield>
  <datafield tag="044" ind1=" " ind2=" ">
    <subfield code="a">mx</subfield>
  </datafield>
  <datafield tag="050" ind1=" " ind2="4">
    <subfield code="a">ND259.K3</subfield>
    <subfield code="b">.R67 2008</subfield>
  </datafield>
  <datafield tag="245" ind1="1" ind2="0">
    <subfield code="a">El ropero de Frida</subfield>
    <subfield code="c">[Romeo Flores Caballero ... [et al.] ; fotograf&#xED;a Pablo Aguinaco, Graciela Iturbide.</subfield>
  </datafield>
  <datafield tag="260" ind1=" " ind2=" ">
    <subfield code="a">M&#xE9;xico</subfield>
    <subfield code="b">Consejo para la Cultura y las Artes de Nuevo Le&#xF3;n</subfield>
    <subfield code="c">1ra. reimp. 2008</subfield>
  </datafield>
  <datafield tag="300" ind1=" " ind2=" ">
    <subfield code="a">189 p.</subfield>
    <subfield code="b">il. a color</subfield>
    <subfield code="c">31 cm.</subfield>
  </datafield>
  <datafield tag="500" ind1=" " ind2=" ">
    <subfield code="a">Incluye glosario</subfield>
  </datafield>
  <datafield tag="504" ind1=" " ind2=" ">
    <subfield code="a">Incluye referencias bibliogr&#xE1;ficas</subfield>
  </datafield>
  <datafield tag="600" ind1="1" ind2="4">
    <subfield code="a">Kahlo, Frida</subfield>
    <subfield code="d">1907-1954</subfield>
    <subfield code="v">Libros de l&#xE1;minas</subfield>
    <subfield code="x">Prendas de vestir</subfield>
    <subfield code="9">26488</subfield>
  </datafield>
  <datafield tag="600" ind1="1" ind2="4">
    <subfield code="a">Kahlo, Frida</subfield>
    <subfield code="d">1907-1954</subfield>
    <subfield code="x">Vestuario y accesorios</subfield>
    <subfield code="9">26489</subfield>
  </datafield>
  <datafield tag="650" ind1="1" ind2="4">
    <subfield code="a">Pintoras</subfield>
    <subfield code="v">Libros de l&#xE1;minas</subfield>
    <subfield code="x">Prendas de vestir</subfield>
    <subfield code="z">M&#xE9;xico</subfield>
    <subfield code="9">26490</subfield>
  </datafield>
  <datafield tag="650" ind1="1" ind2="4">
    <subfield code="a">Prendas de vestir</subfield>
    <subfield code="y">Siglo XX</subfield>
    <subfield code="z">M&#xE9;xico</subfield>
    <subfield code="9">26491</subfield>
  </datafield>
  <datafield tag="700" ind1="1" ind2=" ">
    <subfield code="a">Flores Caballero, Romeo</subfield>
    <subfield code="9">10438</subfield>
  </datafield>
  <datafield tag="700" ind1="1" ind2=" ">
    <subfield code="a">Aguinaco, Pablo</subfield>
    <subfield code="e">il.</subfield>
    <subfield code="9">26492</subfield>
  </datafield>
  <datafield tag="700" ind1="1" ind2=" ">
    <subfield code="a">Iturbide, Graciela</subfield>
    <subfield code="e">il.</subfield>
    <subfield code="9">26493</subfield>
  </datafield>
  <datafield tag="942" ind1=" " ind2=" ">
    <subfield code="2">lcc</subfield>
    <subfield code="c">B</subfield>
  </datafield>
  <datafield tag="999" ind1=" " ind2=" ">
    <subfield code="c">10127</subfield>
    <subfield code="d">10127</subfield>
  </datafield>
  <datafield tag="952" ind1=" " ind2=" ">
    <subfield code="0">0</subfield>
    <subfield code="1">0</subfield>
    <subfield code="4">0</subfield>
    <subfield code="7">0</subfield>
    <subfield code="a">BRL</subfield>
    <subfield code="b">BRL</subfield>
    <subfield code="d">2014-01-06</subfield>
    <subfield code="l">0</subfield>
    <subfield code="o">ND259.K3 .R67 2008</subfield>
    <subfield code="p">00025</subfield>
    <subfield code="r">2019-03-22 00:00:00</subfield>
    <subfield code="w">2019-03-22</subfield>
    <subfield code="y">B</subfield>
  </datafield>
</record>
